Normal view
MARC view
Entry Personal Name
001 - CONTROL NUMBER
- control field: 13136
003 - CONTROL NUMBER IDENTIFIER
- control field: dpl
005 - DATE AND TIME OF LATEST TRANSACTION
- control field: 20100814114351.0
008 - FIXED-LENGTH DATA ELEMENTS
- fixed length control field: 100814|||a|||||| | ||| d
040 ## - CATALOGING SOURCE
- Original cataloging agency: dpl
- Transcribing agency: dpl
100 ## - HEADING--PERSONAL NAME
- Personal name: बोराड़े, रं. रा.
670 ## - SOURCE DATA FOUND
- Source citation: Work cat.: (dpl): बोराड़े, रं. रा., तिनका:, 2010
670 ## - SOURCE DATA FOUND
- Source citation: Work cat.: (dpl): बोराड़े, रं. रा., तिनका:, 2010
